000 00642nam a2200229Ia 4500
003 OSt
005 20220924122605.0
006 a|||||r|||| 00| 0
007 ta
008 220923b |||||||| |||| 00| 0 urd d
024 _a313126
037 _cTextual
040 _aARTS
_cARTS
_burd
041 _2urd
_aurd
082 _aO168,1M31x, M4
100 _aHusain Qazi Jamal Ed.
_9190027
245 0 _aIntekhab Ghazliyat-e-Daagh
260 _aLuckhnow
_bUttar Pardesh Urdu Academy India
_c1984
650 _aURDU POETRY
942 _hO168,1M31x, M4
_cTEXL
_2CC
999 _c412282
_d412282